Educación y promoción cultural : quién es el verdadero promotor /

La consideración del maestro como promotor de la cultura permite incluir la enseñanza y la acción educativa que tiene lugar en las instituciones escolares, entre los hechos básicos de promoción de la cultura. En el ámbito de las instituciones educacionales, la intima relación existente entre cultura...

Full description

Bibliographic Details
Main Author: Vargas Alfaro, Ana Tania
Format: Analitica de revista
Language:Spanish
Published: Santiago, Chile Pontificia Universidad Católica de Chile 2000

MARC

LEADER 00000cab a2200000 a 4500
001 036511
003 UAHC_CL
005 20170803124009.0
008 030922s1994 cl f 000 spa
040 |a UAHC_CL  |c UAHC_CL  |d UAHC_CL 
100 1 |a Vargas Alfaro, Ana Tania 
245 1 0 |a Educación y promoción cultural :  |b quién es el verdadero promotor /  |c Ana Tania Vargas Alfaro. 
260 |b Pontificia Universidad Católica de Chile  |c 2000  |a Santiago, Chile 
300 |a p. 237-252 
500 |a En: Pensamiento educativo, nû26, 2000. p.237-252. ISSN 07171013. 
500 |a En: Pensamiento educativo, n°26, 2000. p.237-252. ISSN 07171013. 
500 |a En: Pensamiento educativo, nç26, 2000. p.237-252. ISSN 07171013. 
520 |a La consideración del maestro como promotor de la cultura permite incluir la enseñanza y la acción educativa que tiene lugar en las instituciones escolares, entre los hechos básicos de promoción de la cultura. En el ámbito de las instituciones educacionales, la intima relación existente entre cultura y educación no se manifiesta, por lo común, en toda su organicidad. Considerados en unidad, la enseñanza y el aprendizaje constituyen piedras angulares para la apropiación cultural en uno de los múltiples contextos de la actividad humana; si bien muchos estudiosos enfatizan la labor pedagógica, en tanto actividad para la formación de las nuevas generaciones, es bastante habitual que el tratamiento de los problemas de la cultura no se considere de interés prioritario de la pedagogía, y mas bien se reserve para otras ciencias. 
520 |a La consideración del maestro como promotor de la cultura permite incluir la enseñanza y la acción educativa que tiene lugar en las instituciones escolares, entre los hechos básicos de promoción de la cultura. En el ámbito de las instituciones educacionales, la intima relación existente entre cultura y educación no se manifiesta, por lo común, en toda su organicidad. Considerados en unidad, la enseñanza y el aprendizaje constituyen piedras angulares para la apropiación cultural en uno de los múltiples contextos de la actividad humana; si bien muchos estudiosos enfatizan la labor pedagógica, en tanto actividad para la formación de las nuevas generaciones, es bastante habitual que el tratamiento de los problemas de la cultura no se considere de interés prioritario de la pedagogía, y mas bien se reserve para otras ciencias. 
520 |a La consideraciÛn del maestro como promotor de la cultura permite incluir la enseÒanza y la acciÛn educativa que tiene lugar en las instituciones escolares, entre los hechos b·sicos de promociÛn de la cultura. En el ·mbito de las instituciones educacionales, la intima relaciÛn existente entre cultura y educaciÛn no se manifiesta, por lo común, en toda su organicidad. Considerados en unidad, la enseÒanza y el aprendizaje constituyen piedras angulares para la apropiaciÛn cultural en uno de los múltiples contextos de la actividad humana; si bien muchos estudiosos enfatizan la labor pedagÛgica, en tanto actividad para la formaciÛn de las nuevas generaciones, es bastante habitual que el tratamiento de los problemas de la cultura no se considere de interÈs prioritario de la pedagogÌa, y mas bien se reserve para otras ciencias. 
759 |a PP160 
773 0 |t Revista PRELAC  |w 041234 
900 |a PENSAMIENTO EDUCATIVO-26/00 
942 |c REVA 
952 |0 0  |1 0  |4 0  |6 PENSAMIENTO_EDUCATIVO26_00_000000000000000  |7 0  |8 General  |9 69232  |a BC  |b BC  |c General  |d 2017-08-03  |l 0  |o PENSAMIENTO EDUCATIVO-26/00  |p FICTICIO4893  |r 2019-01-08 00:00:00  |t 1  |w 2017-08-03  |y REVA 
999 |c 36511  |d 36511